| 000 | 00703nam a2200241 a 4500 | ||
|---|---|---|---|
| 999 |
_c5148 _d5148 |
||
| 003 | UkOxU | ||
| 005 | 20220404122819.0 | ||
| 008 | 930323s1992 enk 001 0 eng d | ||
| 020 | _a0727907549 | ||
| 040 | _cALUPE UNIVERSITY | ||
| 050 |
_aRM171 _b.A23 1992 |
||
| 092 | _aD0500831246 | ||
| 245 | 0 | 0 |
_aABC of transfusion / _cedited by Marcela Contreras |
| 250 | _a2nd ed | ||
| 260 |
_aLondon : _bBMJ, _cc1992. |
||
| 300 |
_a66 p. : _bill. (mostly col.) ; _c30 cm. |
||
| 500 | _aPrevious ed.: 1990 | ||
| 504 | _aIncludes index | ||
| 650 | 0 |
_aBlood _xTransfusion |
|
| 700 | 1 | _aContreras, Marcela. | |
| 942 |
_2lcc _cBK |
||